| 000 | 01212cam a2200361 a 4500 | ||
|---|---|---|---|
| 001 | 5705 | ||
| 003 | FISKH | ||
| 005 | 20250115101716.0 | ||
| 008 | 030528s2004 nyua b 000 1 eng | ||
| 010 | _a 2003011700 | ||
| 020 | _a157565136X (pbk. : alk. paper) | ||
| 020 | _a9781575651361 | ||
| 040 |
_aDLC _cDLC _dDLC _beng |
||
| 050 | _aPZ7.W6845 | ||
| 082 | _a613 | ||
| 100 | 1 | _aWillson, Sarah. | |
| 245 | 1 | 0 |
_aHocus focus / _cby Sarah Willson ; illustrated by Amy Wummer. |
| 260 |
_aNew York : _bKane Press, _c2004. |
||
| 300 |
_a32 pages : _bcolor illustrations, _c23 cm |
||
| 440 | 0 | _aScience solves it! | |
| 500 | _a"Life Science/Vision; Science skill--drawing conclusions"--Cover p.[4]. | ||
| 500 | _a"With fun activities!"--Cover. | ||
| 505 | _aM | ||
| 520 | _aJack and Gina let the teasing of a classmate stop them from wearing their glasses until a class field trip makes them change their minds. | ||
| 521 |
_a530
_bLexile AD |
||
| 521 |
_aM
_bRaz-Plus |
||
| 650 | 1 |
_aEyeglasses _vFiction. |
|
| 650 | 1 |
_aPeer pressure _vFiction. |
|
| 700 | 1 |
_aWummer, Amy, _eillustrator |
|
| 906 |
_a7 _bcbc _corignew _d1 _eecip _f20 _gy-gencatlg |
||
| 942 |
_2ddc _cBK _n0 |
||
| 999 |
_c5705 _d5705 |
||